Rantanplan refém (Registo nº 202491)
[ vista simples ]
| 000 -Etiqueta do registo | |
|---|---|
| Valores | 00720nam 22002413 4500 |
| 010 ## - Número ISBN | |
| ISBN | 972-45-1019-0 |
| 021 ## - Número do Depósito Legal | |
| Código do país | Portugal |
| Número | 60364/92 |
| 100 ## - Dados gerais de processamento | |
| Dados gerais | 20260609d u||y0pory50 ba |
| 200 ## - Titulo e menção de responsabilidade | |
| Título próprio | Rantanplan refém |
| Primeira menção de responsabilidade | desenhos de Morris e M. Janvier, textos de X. Fauche e J. Léturgie |
| 210 ## - Publicação | |
| Local de publicação | Lisboa |
| Nome do editor | Meribérica/Liber |
| Data de publicação | D.L. 1992 |
| 215 ## - Descrição física | |
| Paginação / Volumes | 46 p. |
| Outras indicações físicas | il. ; encadernado |
| Dimensões | 29 cm |
| 225 ## - Colecção | |
| Título próprio da colecção | Rantanplan |
| 606 ## - Nome comum usado como assunto | |
| ID Autoridade | 1586 |
| Palavra de ordem | Desenho Artístico |
| 610 ## - Termos não controlados | |
| Palavra de ordem | Banda Desenhada |
| 675 ## - CDU | |
| Notação | 74 |
| Edição | PT |
| Língua | por |
| 700 ## - Autor principal (pessoa individual) | |
| ID Autoridade | 16145 |
| Apelido | Morris (Maurice Bévère) |
| Datas | 1923-2001 |
| 702 ## - Autor secundário (pessoa individual) | |
| ID Autoridade | 16146 |
| Apelido | Fauche |
| Nome | X. |
| 702 ## - Autor secundário (pessoa individual) | |
| ID Autoridade | 16147 |
| Apelido | Léturgie |
| Nome | J. |
| 801 ## - Fonte de origem | |
| País | PT |
| Agência | BMMN |
| Regras de catalogação | RPC |
| 830 ## - Notas gerais do catalogador | |
| Criado por | Isabel |
| 990 ## - Elementos KOHA | |
| Tipo de documento | Livro |
| Situação do levantamento | Biblioteca de origem | Código de barras | Cota | Permissão de empréstimo | Tipo de documento | Forma de aquisição |
|---|---|---|---|---|---|---|
| Biblioteca Municipal de Montemor-o-Novo | 31984 | 74 MOR|AJ | Livro | Oferta |